R (on the application of Brinsons) v Financial Ombudsman Ltd (Record no. 79760)
[ view plain ]
| 000 -LEADER | |
|---|---|
| fixed length control field | 02139cab a22002415a 4500 |
| 001 - CONTROL NUMBER | |
| control field | L142257 |
| 008 - FIXED-LENGTH DATA ELEMENTS--GENERAL INFORMATION | |
| fixed length control field | 080131e20071102xxk f v 000 0 eng d |
| 035 ## - SYSTEM CONTROL NUMBER | |
| System control number | (Sirsi) u142257 |
| 041 0# - LANGUAGE CODE | |
| Language code of text/sound track or separate title | eng |
| 245 00 - TITLE STATEMENT | |
| Title | R (on the application of Brinsons) v Financial Ombudsman Ltd |
| Medium | [electronic resource] |
| 260 ## - PUBLICATION, DISTRIBUTION, ETC. | |
| Date of publication, distribution, etc. | 2007 |
| 520 ## - SUMMARY, ETC. | |
| Summary, etc. | [2007] EWHC 2534 (Admin), 31 August 2007. Considers whether a former member of the Personal Investment Authority Ombudsman Scheme was obliged to cooperate with a complaint regarding his business which arose during the term of his membership. The claimant firm (B) applied for judicial review of the Financial Ombudsman Service (F)'s decision that F had jurisdiction to hear a complaint made against B by former clients. The complaint was regarding the misselling of an endowment policy. B was a member of the Scheme at the time of the sale, but was exempted from 1997 until 2002, when the Scheme no longer applied. "Held": Article 3(a) of the Financial Services and Markets Act 2000 (Transitional Provisions) (Ombudsman Scheme and Complaints Scheme) Order 2001 required B to have been a member of a former scheme immediately before introduction of the Financial Services and Markets Act 2000. The rules of the Scheme provided that B would be liable for any complaints arising from B's actions during his membership and the Scheme was relevant up to the 2000 Act. Accordingly, B was subject to F. Application refused. |
| 590 ## - LOCAL NOTE (RLIN) | |
| Local note | KA |
| 650 24 - SUBJECT ADDED ENTRY--TOPICAL TERM | |
| Topical term or geographic name entry element | R (BRINSONS) V FINANCIAL OMBUDSMAN SERVICE LTD |
| 650 24 - SUBJECT ADDED ENTRY--TOPICAL TERM | |
| Topical term or geographic name entry element | FINANCIAL SERVICES ACT 1986 S7 |
| 650 24 - SUBJECT ADDED ENTRY--TOPICAL TERM | |
| Topical term or geographic name entry element | FINANCIAL SERVICES AND MARKETS ACT 2000 |
| 650 24 - SUBJECT ADDED ENTRY--TOPICAL TERM | |
| Topical term or geographic name entry element | FINANCIAL SERVICES AND MARKETS ACT 2000 (TRANSITIONAL PROVISIONS) (OMBUDSMAN SCHEME AND COMPLAINTS SCHEME) ORDER 2001 |
| 651 #4 - SUBJECT ADDED ENTRY--GEOGRAPHIC NAME | |
| Geographic name | England and Wales |
| Chronological subdivision | 1543- |
| 690 ## - LOCAL SUBJECT ADDED ENTRY--TOPICAL TERM (OCLC, RLIN) | |
| Topical term or geographic name as entry element | MANAGEMENT-BUSINESS MANAGEMENT-PROFESSIONAL PRACTICE-DUTY OF CARE-LIABILITY |
| 690 ## - LOCAL SUBJECT ADDED ENTRY--TOPICAL TERM (OCLC, RLIN) | |
| Topical term or geographic name as entry element | MANAGEMENT-DISPUTE AVOIDANCE, MANAGEMENT AND RESOLUTION-DISPUTE MANAGEMENT AND RESOLUTION |
| 856 40 - ELECTRONIC LOCATION AND ACCESS | |
| Uniform Resource Identifier | <a href="https://www.bailii.org/ew/cases/EWHC/Admin/2007/2534.html">https://www.bailii.org/ew/cases/EWHC/Admin/2007/2534.html</a> |
| Public note | View the judgment free of charge at www.bailii.org... |
| 942 ## - ADDED ENTRY ELEMENTS (KOHA) | |
| Suppress in OPAC | 0 |
| Withdrawn status | Lost status | Source of classification or shelving scheme | Damaged status | Not for loan | Home library | Current library | Shelving location | Date acquired | Total Checkouts | Full call number | Barcode | Date last seen | Copy number | Price effective from | Koha item type |
|---|---|---|---|---|---|---|---|---|---|---|---|---|---|---|---|
| Dewey Decimal Classification | Virtual | Virtual | Online | 31/01/2008 | ONLINE PUBLICATION | 142257-1001 | 06/08/2019 | 1 | 06/08/2019 | Law report |